| 000 | 00466cam a2200169ua 4500 | ||
|---|---|---|---|
| 020 |
_a0-07-462069-X _c252.00 |
||
| 041 |
_aeng _h |
||
| 082 |
_a696.1 _bDEO/PL |
||
| 100 | _aDeolalikar, S.G . | ||
| 245 |
_aPlumbing design and practice / _cS.G.Deolalikar. _hTextual Documents |
||
| 260 |
_aNew Delhi : _bTata Mc-Graw Hill Publishing Company , _c1993. |
||
| 300 |
_a : _b506 ; . |
||
| 365 | _a252.00 | ||
| 504 | _a | ||
| 942 | _cBK | ||
| 999 |
_c10547 _d10547 |
||